TB. OF OBSTETRICS (Record no. 1868)

MARC details
000 -LEADER
fixed length control field 00331nam a2200145Ia 4500
008 - FIXED-LENGTH DATA ELEMENTS--GENERAL INFORMATION
fixed length control field 150201s2004 xx 000 0 und d
082 ## - DEWEY DECIMAL CLASSIFICATION NUMBER
Classification number 618.2
Item number D04D
100 ## - MAIN ENTRY--PERSONAL NAME
Personal name DUTTA , D.C.
245 ## - TITLE STATEMENT
Title TB. OF OBSTETRICS
250 ## - EDITION STATEMENT
Edition statement 6TH
260 ## - PUBLICATION, DISTRIBUTION, ETC. (IMPRINT)
Name of publisher, distributor, etc. NBC
Place of publication, distribution, etc. CALCATA
Date of publication, distribution, etc. 2004
300 ## - PHYSICAL DESCRIPTION
Extent 650
650 ## - SUBJECT ADDED ENTRY--TOPICAL TERM
Topical term or geographic name as entry element OBST. & GYNEA.
942 ## - ADDED ENTRY ELEMENTS (KOHA)
Source of classification or shelving scheme Dewey Decimal Classification
Koha item type Books
Koha issues (borrowed), all copies 59
Holdings
Withdrawn status Lost status Source of classification or shelving scheme Damaged status Not for loan Collection code Home library Current library Shelving location Date acquired Source of acquisition Cost, normal purchase price SGTU Total Checkouts Total Renewals Full call number Barcode Date last seen Date last checked out Bill Date Koha item type
weeded-out   Dewey Decimal Classification     NURSING SGT Medical Library SGT Medical Library Text Book 09/02/2015 UBS DELHI 590.00 SGTU 16 1 618.2 D04D FN126 17/09/2021 04/09/2021 09/02/2015 Books
    Dewey Decimal Classification     NURSING SGT Medical Library SGT Medical Library Text Book 09/02/2015 UBS DELHI 590.00 SGTU 28 1 618.2 D04D FN127 05/01/2024 04/01/2024 09/02/2015 Books
    Dewey Decimal Classification     NURSING SGT Medical Library SGT Medical Library Text Book 09/02/2015 UBS DELHI 590.00 SGTU 31   618.2 D04D FN128 21/08/2024 21/08/2024 09/02/2015 Books
    Dewey Decimal Classification     NURSING SGT Medical Library SGT Medical Library Text Book 09/02/2015 UBS DELHI 590.00 SGTU 22   618.2 D04D FN129 02/05/2026 02/05/2026 09/02/2015 Books
    Dewey Decimal Classification     NURSING SGT Medical Library SGT Medical Library Text Book 09/02/2015 UBS DELHI 590.00 SGTU 15   618.2 D04D FN130 27/03/2026 24/03/2026 09/02/2015 Books
    Dewey Decimal Classification     NURSING SGT Medical Library SGT Medical Library Text Book 09/02/2015 UBS DELHI 590.00 SGTU 11   618.2 D04D FN131 10/04/2026 24/03/2026 09/02/2015 Books
    Dewey Decimal Classification     NURSING SGT Medical Library SGT Medical Library Text Book 09/02/2015 UBS DELHI 590.00 SGTU 25   618.2 D04D FN132 13/01/2025 07/01/2025 09/02/2015 Books